00937nam a22002657a 450000500170000001000170001702000270003402000240006103500170008503700280010208200120013010000230014224500940016526000510025927000570031030000610036750000380042865000320046665000340049865000310053265000170056365000350058065000370061570000190065220110405115537.0 aB-423720-721 a9788173053535c1250.00 a8173053537c1250.00 aB-423720-721 aDPLbAllied Publishers 04a759.9541 aDehejia, Harsha V.10aKanha Priya :bromantic moments in poetry and painting /cHarsha V. Dehejia, Vijay Sharma aNew Delhi :bAryan Books International,c2009. aPooja Apartments, 4B, Ansari RoadbNew Delhie110002 a[13] p., [12] leaves of plates :bcol. ill. c46 cm.(Hb) aParallel title on cover in Hindi. 0aKrishna (Hindu deity)vArt. 0aRādhā (Hindu deity)vArt. 0aMiniature painting, Indic. 0aLove in art. 0aKrishna (Hindu deity)vPoetry. 0aRādhā (Hindu deity)vPoetry.1 aSharma, Vijay,